000 00570nam a2200217Ia 4500
008 101110s9999 xx 000 0 und d
041 _aENGLISH
082 _bSR27432
100 _aBartee Thomas C. (Ed.)
245 _aData communications networks and systems
260 _c2002
_bBPB Pub., New delhi
300 _a359
365 _b225
520 _aComputer
546 _aENGLISH
630 _aData communications networks and systems
650 _aComputer
655 _aComputer
730 _aData communications networks and systems
942 _cBOOK
999 _c819988
_d819985